书目信息 |
| 题名: |
生物饵料培养学
|
|
| 作者: | 成永旭 主编 | |
| 分册: | ||
| 出版信息: | 北京 中国农业出版社 2005.08 |
|
| 页数: | 324页 | |
| 开本: | 26cm | |
| 丛书名: | ||
| 单 册: | ||
| 中图分类: | S963.21 | |
| 科图分类: | ||
| 主题词: | 水产养殖--技术 | |
| 电子资源: | ||
| ISBN: | 7-109-09812-5 | |
| 000 | 00608nam0 2200205 450 | |
| 001 | 2337638675 | |
| 005 | 20230220102905.40 | |
| 010 | @a7-109-09812-5@dCNY48.50 | |
| 100 | @a20230220d2005 km y0chiy0120 ea | |
| 101 | 0 | @achi |
| 102 | @aCN@b110000 | |
| 200 | 1 | @a生物饵料培养学@ASheng Wu Er Liao Pei Yang Xue@f成永旭主编@FCheng Yong Xu Zhu Bian |
| 205 | @a2版 | |
| 210 | @a北京@c中国农业出版社@d2005.08 | |
| 215 | @a324页@d26cm | |
| 606 | 0 | @a水产养殖@x技术 |
| 690 | @aS963.21@v4 | |
| 701 | 0 | @a成永旭@ACheng Yong Xu@4主编 |
| 801 | 0 | @aCN@b大连网信软件有限公司图书馆·11@c20230220 |
| 905 | @aZUCC@dS963.21@e61 | |
| 生物饵料培养学/成永旭主编.-2版.-北京:中国农业出版社,2005.08 |
| 324页;26cm |
| ISBN 7-109-09812-5:CNY48.50 |
| ● |
| 相关链接 |
|
|
|
|
正题名:生物饵料培养学
索取号:S963.21/61
 
预约/预借
| 序号 | 登录号 | 条形码 | 馆藏地/架位号 | 状态 | 备注 |
| 1 | 1052691 | 210526910 | 第二样本阅览室/ [索取号:S963.21/61] | 在馆 |